1381 1287 1473 1010 1675 1921 1279 1924 1743 1815 1500 1235 1864 1615 1439 1547 1218 1380 1831 1421 1012 1600 1605 1847 1891 1900 1104 1984 1239 1765 1390 1499 1145 1300 1269 1482 1062 1573 1605 1014 1080 1888 1048 1151 1469 1967 1227 1467 1344 1349 1489 1896 1913 1219 1888 1014 1148 1153 1773 1484 1221 1100 1916 1822 1335 1874 1001 1377 1237 1432 1830 1093 1348 1174 1552 1363 1108 1221 1030 1284 1214 1191 1927 1129 1163 1289 1007 1972 1630 1477 1804 1954 1303 1937 1218 1700 1379 1648 1458 BCNSPRNW ULIB Ver.6.0+V

เปลี่ยนเป็นภาษาไทย

Change to English
 แสดงรายละเอียดบรรณานุกรม
  กลับหน้าหลัก

Brief Record : Get Marc (ISO 2709) : E-mail record : QR code < ปิดหน้าต่าง
LEADER : 00000nam 2200000uu 4500
001    13399111699
003     ULIB
008    110706s2552||||th 000 0 tha d
020    9786167023120
050 04 BQ4570^bห313ท 2552
100 0  หลวงพ่ออลงกต ติกฺขปญฺโญ
245 10 ทำไมต้อง "ให้" /^cหลวงพ่ออลงกต ติกฺขปญฺโญ
250    พิมพ์ครั้งที่ 1
260    กรุงเทพฯ :^bLazy-day,^c2552
300    199 หน้า ;^c19 ซม.
650  7 การให้^xแง่ศาสนา^xพุทธศาสนา
650  7 ความเสียสละ^xแง่ศาสนา^xพุทธศาสนา
650  7 ทาน (พุทธศาสนา)
650  7 การทำบุญ
650  7 ธรรมะกับชีวิตประจำวัน
945    ^p160^l0^i027545
995    ทศพร
999 ^a ใช้งานได้ทุกระบบ
รายการนี้ยังไม่มีแท็ก
คุณยังไม่ได้ล็อกอิน คุณสามารถมีกิจกรรมร่วมกับเว็บไซต์ได้ แต่ต้องล็อกอินก่อน ::
  ล็อกอิน

รายการสื่อสารสนเทศ

ลำดับที่ ประเภท เลขเรียก/บาร์โค้ด สถานที่ สถานะ
- ไม่พบข้อมูล -

รายการใกล้เคียง
    ผู้แต่ง [หลวงพ่ออลงกต ติกฺขปญฺโญ]

    หัวเรื่อง [ทาน (พุทธศาสนา)]
    หัวเรื่อง [การทำบุญ]
    หัวเรื่อง [ธรรมะกับชีวิตประจำวัน]

BibComment


ยังไม่เคยถูกคอมเมนท์

คอมเมนท์ทรัพยากรรายการนี้
  คอมเมนท์: ทำไมต้อง ให้ หลว..


 Copyright 2026. Bcnsprnw @Library